000 005890000a22002050004500
001 17431
010 _a972-21-1476-X
090 _a17431
100 _a20041216d2002 k y0pory5003 ba
101 0 _apor
102 _aPT
200 1 _aNiketche
_euma história de poligamia
_fPaulina Chiziane
205 _a2ª ed
210 _aLisboa
_cCaminho
_d2002
215 _a334 p
225 2 _aOutras margens
_v6
675 _a821.134.3(679)-31"19"
_vBN
_zpor
700 1 _aChiziane
_bPaulina
_f1955-
942 _cMON
_n0
999 _a17431
_bBibliobase - BMTAV
_c2019-01-21